| 000 | 00372nam a22001577a 4500 | ||
|---|---|---|---|
| 020 | _a9780470490426 | ||
| 082 | _a664.07 WAN/CH | ||
| 100 | _aWang,Jian | ||
| 100 | _aJames D | ||
| 100 | _aMacNeil | ||
| 100 | _aKay,Jack F | ||
| 245 | _aChemical analysis of antibiotic residues in food | ||
| 260 |
_aNew Jersey _bJohn Wiley & Sons _c2012 |
||
| 300 | _a353 | ||
| 942 | _cBK | ||
| 999 |
_c13823 _d13823 |
||